Fit for Life (Record no. 5497)
[ view plain ]
| 000 -LEADER | |
|---|---|
| fixed length control field | 00206nam a22000857a 4500 |
| 008 - FIXED-LENGTH DATA ELEMENTS--GENERAL INFORMATION | |
| fixed length control field | 170116b xxu||||| |||| 00| 0 eng d |
| 100 ## - MAIN ENTRY--PERSONAL NAME | |
| 9 (RLIN) | 2445 |
| Personal name | Sekhon.R.S. |
| 245 ## - TITLE STATEMENT | |
| Title | Fit for Life |
| 260 ## - PUBLICATION, DISTRIBUTION, ETC. (IMPRINT) | |
| Place of publication, distribution, etc. | New Delhi |
| Name of publisher, distributor, etc. | SET |
| Date of publication, distribution, etc. | 2009 |
| Withdrawn status | Lost status | Source of classification or shelving scheme | Damaged status | Koha normalized classification for sorting | Not for loan | Home library | Current library | Shelving location | Date acquired | Total Checkouts | Full call number | Barcode | Date last seen | Price effective from | Koha item type | Total Renewals | Date last checked out |
|---|---|---|---|---|---|---|---|---|---|---|---|---|---|---|---|---|---|
| Dewey Decimal Classification | 796_000000000000000 | Good Samaritan School Library | Good Samaritan School Library | Sports & Games | 01/16/2017 | 796 | SEK8916 | 01/16/2017 | 01/16/2017 | BOOK | |||||||
| Dewey Decimal Classification | 796_000000000000000 | Good Samaritan School Library | Good Samaritan School Library | Sports & Games | 01/16/2017 | 2 | 796 | SEK8917 | 05/09/2024 | 01/16/2017 | BOOK | 1 | 04/29/2024 |